ロード中...
| LEADER | 00565nam a2200169 a 4500 | ||
|---|---|---|---|
| 005 | 20151028162123.0 | ||
| 008 | 960221s1955 dcuabcdjdbkoqu001 0deng d | ||
| 003 | ViArRB | ||
| 082 | |a 566 |b J5 | ||
| 100 | |a Colbert, Edwin H |9 19551 | ||
| 245 | |a Evolution of the vertebrates | ||
| 300 | |c Book | ||
| 942 | |c BK |6 _ | ||
| 942 | |c BK | ||
| 999 | |c 75515 |d 75515 | ||
| 952 | |0 0 |1 0 |2 ddc |4 0 |6 566_J5 |7 0 |9 88110 |a SOS |b SOS |d 2009-09-05 |o 566 J5 |p MS000292 |r 2013-06-14 |w 2009-07-13 |y BK | ||
| 952 | |0 0 |1 0 |2 ddc |4 0 |6 566_J51 |7 0 |9 88111 |a SOS |b SOS |d 2009-09-05 |o 566 J5; 1 |p MS001352 |r 2013-06-14 |t 1 |w 2009-09-05 |y BK | ||